UBT Library

Metodat per Parandalimin e rreziqeve qe vijne nga perdorimi i Internetit (Record no. 46049)

000 -LEADER
fixed length control field 00317nam a22001217a 4500
008 - FIXED-LENGTH DATA ELEMENTS--GENERAL INFORMATION
fixed length control field 180519b xxu||||| |||| 00| 0 eng d
041 ## - LANGUAGE CODE
Language code of text/sound track or separate title eng
080 ## - UNIVERSAL DECIMAL CLASSIFICATION NUMBER
Universal Decimal Classification number 043.3
100 ## - Rafti
Rafti 0
101 ## - Shkurtesa
Shkurtesa SHKI-BA
245 ## - TITLE STATEMENT
Title Metodat per Parandalimin e rreziqeve qe vijne nga perdorimi i Internetit
Statement of responsibility, etc Mustafa, N
942 ## - ADDED ENTRY ELEMENTS (KOHA)
Source of classification or shelving scheme
Item type Books
Holdings
Withdrawn status Lost status Source of classification or shelving scheme Damaged status Not for loan Collection code Permanent location Current location Shelving location Date acquired Total Checkouts Full call number Barcode Date last seen Price effective from Koha item type
          Koleksioni i përgjithshem UBT - Lipjan UBT - Lipjan Disertacionet 05/19/2018   043.3 Mustafa, N 2014 002-3008646 05/19/2018 05/19/2018 Books
          Koleksioni i përgjithshem UBT - Lipjan UBT - Lipjan Disertacionet 05/19/2018   043.3 Mustafa, N 2014 002-3008652 05/19/2018 05/19/2018 Books
          Koleksioni i përgjithshem UBT - Lipjan UBT - Lipjan Disertacionet 05/19/2018   043.3 Mustafa, N 2014 002-3008647 05/19/2018 05/19/2018 Books
          Koleksioni i përgjithshem UBT - Lipjan UBT - Lipjan Disertacionet 05/19/2018   043.3 Mustafa, N 2014 002-3008656 05/19/2018 05/19/2018 Books
UBT Library © 2015-2024. All rights reserved University Education for Business and Technology